=LDR 00000nam 2200000 4500 =001 INLIS000000000017638 =005 20130612112842 =008 ***********************************Ind** =035 ##$$0010-061300000017638 =041 ##$$a Ind =082 ##$$a 569.91 =090 ##$$a 569.91, Whi d =100 ##$$a Whitcombe, Bobbie =245 ##$$a Dinosaurus, Babbi Whitcombe ; alih bahasa, Haryunani K =260 ##$$a 2005 $b Jakarta =300 ##$$a 19 hlm, ilus, 26 cm =650 ##$$a Dinosaurus =850 ##$$a NBPNMAT